000
00161nam a22000857a 4500
245
_a
The Dynamic Power of Mind
260
_b
Namya
300
_a
237
942
_2
ddc
_c
BK
999
_c
4556
_d
4556